00582nam a2200205Ia 4500008004100000020001400041050001400055100002100069245002800090245003500118260001500153260001600168260000900184300001400193300002700207300001000234500000800244999001900252952010500271170918s9999 xx 000 0 und d a439217199 bG884 1998 aGrindley, Sally  aWhat are friends for? / cSally Grindley and Penny Dann. aNew York : bScholastic, c1998 aunpaged : bcolored illustration ; c24cm. a270 c341142d341142 001040aSSISMbSSISMd2017-09-18l0oLEX G884 1998pSSISM0214r2017-09-18 00:00:00w2017-09-18yLEX